000 01267nam a2200301 c 4500
999 _c19078
_d19078
003 BLK
005 20220228144526.0
008 180413b bul|||||r ||||||| ||bul||
010 _aKNG00021170000
040 _aBLK
041 _aBUL
_cBUL
072 7 _2bullib
_aЯ
_xАвтографи
080 _aБългарска литература
_b821.163.2
_x-1
_z821.163.2-1
100 1 _aТодоров, Цветан Милков
_eпърви автор
_9257402
139 _aТодоров, Цветан Милков
_bТ 64
245 1 0 _aСинева
_bСтихотворения
_cЦветан Милков Тодоров.
257 _aBGR
260 _bСъюз на независимите бълг. писатели
_c1997
_fБожурище : ЛИК
300 _a32 с.
_c21 см
380 _aX
500 _aИзд. на Общин. к-т В. Левски, Лит. кръг Мисъл-2 при ч-ще Хр. Ботев - Русе ; 300 тир. Изд. по Нац. програма 160 год. от рождението на Васил Левски
659 _aЯ
852 _aЦб 194155
852 _aК 821.163.2/Т 64 Ц
856 4 _qpdf
_u
856 4 _qpdf
_u
942 _cKNG
_n0
_s1
944 _aCR
_c15.01.2003
_kРенета_Константинова
944 _aED
_c08.08.2013
999 _d19078